| 000 | 00419nam a2200169Ia 4500 | ||
|---|---|---|---|
| 008 | 221030s9999 xx 000 0 und d | ||
| 020 | _a8176352586 | ||
| 041 | _aEnglish | ||
| 082 |
_a105.23 _bDer |
||
| 100 | _aF. J. Derfler | ||
| 245 | 0 |
_aHow Netrworks Work _cby F. J. Derfler, L. N. Freed |
|
| 260 |
_bTechmedia _aNew Delhi _c1999 |
||
| 300 | _a212 | ||
| 650 | _aBE Computer | ||
| 700 | _aL. N. Freed | ||
| 942 | _cBK | ||
| 999 |
_c7244 _d7244 |
||